Educación sexual 6 : (Registro nro. 10130)
[ vista simple ]
| 000 -LEADER | |
|---|---|
| fixed length control field | 01072nam a2200277 u 4500 |
| 001 - CONTROL NUMBER | |
| control field | 00020319 |
| 003 - CONTROL NUMBER IDENTIFIER | |
| control field | DO-SdBNP |
| 005 - DATE AND TIME OF LATEST TRANSACTION | |
| control field | 20160513115553.0 |
| 007 - PHYSICAL DESCRIPTION FIXED FIELD--GENERAL INFORMATION | |
| fixed length control field | 00020319 |
| 008 - FIXED-LENGTH DATA ELEMENTS--GENERAL INFORMATION | |
| fixed length control field | 100804s2002 dr a r 000 0 spa d |
| 020 ## - INTERNATIONAL STANDARD BOOK NUMBER | |
| International Standard Book Number | 99934413X |
| 040 ## - CATALOGING SOURCE | |
| Original cataloging agency | BPMSU |
| Language of cataloging | spa |
| Transcribing agency | BPMSU |
| 092 ## - LOCALLY ASSIGNED DEWEY CALL NUMBER (OCLC) | |
| Classification number | 372.372 |
| Item number | xxx |
| 100 1# - MAIN ENTRY--PERSONAL NAME | |
| Personal name | Ferreiras, Francisca |
| 245 10 - TITLE STATEMENT | |
| Title | Educación sexual 6 : |
| Remainder of title | educación básica ; dirección editorial Obdulia García de Escobar ; ilustración Ruddy Núñez |
| Statement of responsibility, etc. | Francisca Ferreiras. |
| 260 ## - PUBLICATION, DISTRIBUTION, ETC. (IMPRINT) | |
| Place of publication, distribution, etc. | Santo Domingo : |
| Name of publisher, distributor, etc. | Santillana , |
| Date of publication, distribution, etc. | 2002. |
| 300 ## - PHYSICAL DESCRIPTION | |
| Extent | 72 p. : |
| Other physical details | il. ; |
| Dimensions | 28 cm. |
| 490 1# - SERIES STATEMENT | |
| Series statement | Úmbral |
| Volume/sequential designation | 6 |
| 505 ## - FORMATTED CONTENTS NOTE | |
| Title | Los niños y las niñas crecen y se desarrollan -- |
| -- | Mis órganos genitales y la salud de mi cuerpo-- |
| -- | Mi mundo familiar y social -- |
| -- | La reproducción humana -- |
| -- | Mi relación con la sociedad -- |
| 650 #4 - SUBJECT ADDED ENTRY--TOPICAL TERM | |
| Topical term or geographic name as entry element | EDUCACIÓN SEXUAL PARA NIÑOS |
| General subdivision | ENSEÑANZA PROGRAMADA |
| 700 ## - ADDED ENTRY--PERSONAL NAME | |
| Personal name | Núñez, Ruddy |
| Relator term | il. |
| 700 ## - ADDED ENTRY--PERSONAL NAME | |
| Personal name | García de Escobar, Obdulia |
| 830 #0 - SERIES ADDED ENTRY--UNIFORM TITLE | |
| Uniform title | Úmbral |
| Volume number/sequential designation | 6 |
| 942 ## - ADDED ENTRY ELEMENTS (KOHA) | |
| Source of classification or shelving scheme | Dewey Decimal Classification |
| Koha item type | Libros |
| 956 ## - LOCAL ELECTRONIC LOCATION AND ACCESS (OCLC) | |
| Host name | VMATEO |
| Access number | 10 |
| Compression information | 20160513 |
| Logon | BPMSU |
| Processor of request | 0069 |
| Withdrawn status | Lost status | Source of classification or shelving scheme | Damaged status | Not for loan | Collection code | Home library | Current library | Date acquired | Source of acquisition | Total Checkouts | Barcode | Date last seen | Price effective from | Koha item type |
|---|---|---|---|---|---|---|---|---|---|---|---|---|---|---|
| Dewey Decimal Classification | Biblioteca Pública Metropolitana Salomé Ureña | Biblioteca Pública Metropolitana Salomé Ureña | 05/13/2016 | Donación | BPMET16050322 | 05/13/2016 | 05/13/2016 | Libros |